Journal Of International Marketing (Record no. 41550)
[ view plain ]
| 000 -LEADER | |
|---|---|
| fixed length control field | 00356nam a22001337a 4500 |
| 008 - FIXED-LENGTH DATA ELEMENTS--GENERAL INFORMATION | |
| fixed length control field | 240929b |||||||| |||| 00| 0 eng d |
| 022 ## - INTERNATIONAL STANDARD SERIAL NUMBER | |
| International Standard Serial Number | 1069031X |
| 041 ## - LANGUAGE CODE | |
| Language code of text/sound track or separate title | Eng |
| 245 ## - TITLE STATEMENT | |
| Title | Journal Of International Marketing |
| 260 ## - PUBLICATION, DISTRIBUTION, ETC. | |
| Place of publication, distribution, etc. | Boston |
| Name of publisher, distributor, etc. | American Marketing Association ( Sage) |
| Date of publication, distribution, etc. | 2024 |
| 300 ## - PHYSICAL DESCRIPTION | |
| Extent | 124p |
| 856 ## - ELECTRONIC LOCATION AND ACCESS | |
| Uniform Resource Identifier | <a href="journal.sagepub.com/jig">journal.sagepub.com/jig</a> |
| 942 ## - ADDED ENTRY ELEMENTS (KOHA) | |
| Koha item type | Serial |
| Withdrawn status | Lost status | Source of classification or shelving scheme | Damaged status | Not for loan | Home library | Current library | Date acquired | Serial Enumeration / chronology | Total Checkouts | Barcode | Date last seen | Price effective from | Koha item type |
|---|---|---|---|---|---|---|---|---|---|---|---|---|---|
| Dewey Decimal Classification | IMTN | IMTN | 09/29/2024 | Vol. 32, No. 1 | P51 | 09/29/2024 | 09/29/2024 | Serial | |||||
| Dewey Decimal Classification | IMTN | IMTN | 10/16/2024 | Vol. 32, No. 2 | P77 | 10/16/2024 | 10/16/2024 | Serial | |||||
| Dewey Decimal Classification | IMTN | IMTN | 11/10/2024 | Vol. 32, No. 3 | P93 | 11/10/2024 | 11/10/2024 | Serial | |||||
| Dewey Decimal Classification | IMTN | IMTN | 04/26/2025 | Vol. 32, No. 4 | P 152 | 04/26/2025 | 04/26/2025 | Serial | |||||
| Dewey Decimal Classification | IMTN | IMTN | 11/25/2025 | Vol. 33, No. 1 | P1033 | 11/25/2025 | 11/25/2025 | Serial | |||||
| Dewey Decimal Classification | IMTN | IMTN | 11/25/2025 | Vol. 33, No. 2 | P1034 | 11/25/2025 | 11/25/2025 | Serial |